[Event "Hong Kong op"]
[Site "Hong Kong"]
[Date "2018.10.22"]
[Round "6"]
[White "Ngai, Shun Kiu"]
[Black "Leung, Shun Him"]
[Result "0-1"]
[WhiteElo "1167"]
[BlackElo "1100"]
[PlyCount "174"]
[EventDate "2018.09.03"]
[EventType "swiss"]
[EventRounds "7"]
[EventCountry "HKG"]
[SourceTitle "CBM 187 Extra"]
[Source "ChessBase"]
[SourceDate "2018.11.04"]
[SourceVersion "1"]
[SourceVersionDate "2018.11.04"]
[SourceQuality "1"]

1. e4 e6 2. Nf3 Ne7 3. Nc3 Nbc6 4. Be2 g6 5. d3 Bg7 6. Bf4 0-0 7. Qd2 b6 8. h3 Bb7 9. 0-0 f5 10. Bg5 fxe4 11. dxe4 Rc8 12. Nh2 Qe8 13. Ng4 Nd4 14. Bd3 Nec6 15. Rae1 Ne5 16. Nxe5 Bxe5 17. Ne2 Nxe2+ 18. Rxe2 Bxb2 19. Rb1 Bg7 20. Bf4 c5 21. c4 e5 22. Bg3 d6 23. Qc1 Rc7 24. Rd2 Rd7 25. Qa3 Bc6 26. Bc2 Rff7 27. Rbd1 Qe6 28. Qb3 Bh6 29. Rd3 Bxe4 30. Rc3 Bxc2 31. Rxc2 Qf5 32. Re2 Rfe7 33. Rf1 e4 34. Rd1 Re6 35. Rd5 Qf8 36. Qc2 e3 37. f3 Bg7 38. Qd3 Bd4 39. Be1 Qe7 40. Kh1 Re5 41. Rxe5 Qxe5 42. a4 Qe8 43. Bg3 Qc8 44. Qe4 Qf8 45. Qe6+ Qf7 46. Qxf7+ Kxf7 47. Bf4 a5 48. Kg1 h6 49. Kf1 g5 50. Bg3 Kf6 51. Be1 Kf5 52. g3 Re7 53. Kg2 Kf6 54. Kf1 Kf7 55. Ra2 Ke8 56. Ke2 Kd7 57. Rc2 h5 58. Rc1 Rh7 59. Bc3 Kc6 60. Kd3 Re7 61. Re1 Bxc3 62. Kxc3 d5 63. cxd5+ Kxd5 64. Kd3 c4+ 65. Kc3 e2 66. h4 gxh4 67. gxh4 Re3+ 68. Kc2 Kd4 69. f4 Rc3+ 70. Kd2 Re3 71. f5 c3+ 72. Kc2 Ke5 73. Kb3 Kxf5 74. Kc4 c2 75. Kb5 c1Q 76. Rxc1 e1Q 77. Rxe1 Rxe1 78. Kxb6 Re4 79. Kxa5 Rxh4 80. Kb5 Re4 81. a5 h4 82. a6 Re8 83. Kb6 h3 84. a7 h2 85. Kb7 h1Q+ 86. Kc7 Re7+ 87. Kd6 Rxa7 0-1